Toán học trong thế giới ngày nay: T1

Na minha lista:
Detalhes bibliográficos
Autor principal: Toán học trong thế giới ngày nay: T1
Formato: Livro
Idioma:Undetermined
Publicado em: Hà Nội KHKT 1976
Assuntos:
Tags: Adicionar Tag
Sem tags, seja o primeiro a adicionar uma tag!
Thư viện lưu trữ: Trung tâm Học liệu Trường Đại học Cần Thơ
LEADER 00603nam a2200181Ia 4500
001 CTU_1047
008 210402s9999 xx 000 0 und d
082 |a 509 
082 |b T406/T1 
100 |a Toán học trong thế giới ngày nay: T1 
245 0 |a Toán học trong thế giới ngày nay: T1 
245 0 |c Toán học trong thế giới ngày nay: T1, Đoàn Trịnh Ninh, Trần Chí Đức 
260 |a Hà Nội 
260 |b KHKT 
260 |c 1976 
650 |a mathematics 
904 |i Minh, 960809 
980 |a Trung tâm Học liệu Trường Đại học Cần Thơ